000
00319nam a2200121Ia 4500
008
241028s9999 xx 000 0 und d
041
_a
eng
082
_a
658.5038 SLO
100
_a
Paul Sloane
245
_a
A Guide To Open Innovation Crowd And Sourcing
260
_b
Kogen Page
_a
London
_c
2011
300
_a
217;. P. 22 cm
999
_c
42854
_d
42854